Top 10 des pays producteur d'acier - 2016 - Statistiques

Statistiques générales
  • Ce quiz a été pris 61 fois
  • Le résultat moyen est 8 sur 10
Statistiques - réponses
Production d'acier en MTonnes Pays % Correct
808,4 Chine
98%
70,8 Russie
95%
31,3 Bresil
93%
95,5 Inde
91%
42,1 Allemagne
86%
104,8 Japon
86%
33,2 Turquie
71%
68,6 Coree du Sud
68%
78,5 Etats Unis
66%
24,2 Ukraine
54%
Aucun quiz correspondant
Distribution des résultats
% des personnes avec chaque résultat
Percentile par nombre de réponses
Votre historique - résultats
Vous n’avez pas pris ce quiz